00341nam a2200133Ia 4500008004100000041000800041082001400049100002100063245004200084250001400126260003200140300002400172365001100196240624s9999 xx 000 0 und d aeng a658.3 FRE aFRENCH WENDELL L aORGANIZATION DEVELOPMENT AND TRAINING a(6th ed.) aNew DelhibTata McGraw-Hill a506 : p. : cm. ; 24 cRSb33